| 000 | 00383nam a2200133Ia 4500 | ||
|---|---|---|---|
| 005 | 20260328104326.0 | ||
| 008 | 260328s9999||||xx |||||||||||||| ||und|| | ||
| 100 | _aWendel, Stephen | ||
| 245 | 0 |
_aDesigning for behavior Change applying psychology and behavioral economics / _cStephen Wendel |
|
| 260 | _bBlackstone | ||
| 300 | _a355 p. | ||
| 650 | _aDISEÑO INDUSTRIAL | ||
| 942 | _cBK | ||
| 999 |
_c11551 _d11551 |
||